Регионална библиотека "Любен Каравелов" - Русе

Марадона - Божията ръка (Запис номер 388928)

MARC детайли
000 -Лидер
Контролно поле с фиксирана дължина 01176nam a2200313 a 4500
003 - Код на организацията, давaща контролен номер
Контролно поле BLK
005 - Дата и час на последна редакция
Контролно поле 20250625180755.0
008 - Елементи от данни с фиксирана дължина
fixed length control field 200928b bu ||||| |||| 00| 0 bu d
020 ## - Международен стандартен номер на книга ISBN
Международен стандартен номер на книга ISBN 9786197419184
040 ## - Източник на каталожния запис
Идентификатор на билиотеката - собственик на записа BLK
041 ## - Код за език
Код за езика на текст/звукозапис или на отделно заглавие Български
Код за езика КДБФ Български
080 ## - УДК
Текстов определител УДК Футбол
УДК код - определител по УДК 796.332
УДК определител (092)
УДК - код + определител 796.332(092)
080 ## - УДК
Текстов определител УДК Диего Марадона. Аржентински футболист
УДК код - определител по УДК 92 Марадона, Диего
УДК - код + определител 92 Марадона, Диего
100 ## - Редна дума - Автор
Автор Бърнс, Джими
Авторска отговорност първи автор
R(LIN) 1299
139 ## - Редно поле
Редна дума Бърнс, Джими
Авторски знак Мар - М 29
245 ## - Сведения за заглавието
Заглавие Марадона - Божията ръка
Редно поле (дума) Джими Бърнс ; прев. [от англ.], послесл. Сибин Майналовски
257 ## - Страна на издаване
Страна на създаване/издаване България
260 ## - Област на издателските данни
9 (RLIN) 221582
Място на издаване, разпространение и проч. София
Име на издателя, разпространителя и проч. Hybrid Books
Година на издаване 2020
300 ## - Физическа характеристика
Страници 368 с.
Размери/Мащаб 21 см
380 ## - Жанр
Жанр 793/799 Спорт
600 14 - Име на лице, използвано като предмет
9 (RLIN) 222349
За него / За нея Марадона, Диего Армандо
650 #0 - Допълнително описание по предмет – тема
9 (RLIN) 256735
Основно описание – тема или топоним Футболисти, аржентински
653 #7 - Ключова дума – ненормативна
9 (RLIN) 199648
Ключова дума футбол
852 ## - Местоположение
Форматна сигнатура Цб 303987
Фондова буква Хранилище
999 ## - СИСТЕМНИ КОНТРОЛНИ НОМЕРА
Koha biblionumber 388928
Koha biblioitemnumber 388928
942 ## - АРТИКУЛИ
Вид на библиотечния материал Книги
Скрит в OPAC Не
Периодичен библиозапис Да
Koha issues (borrowed), all copies 17
999 ## - СИСТЕМНИ КОНТРОЛНИ НОМЕРА
Koha biblioitemnumber 388928
999 ## - СИСТЕМНИ КОНТРОЛНИ НОМЕРА
Koha biblioitemnumber 388928
944 ## - СЪЗДАВАНЕ И РЕДАКЦИЯ на ЗАПИСА
Служител, извършил регистрацията/редакцията 30535
Статус, дата на статуса Христина Везирева
Наличности
Код за отписване Код за изгубен артикул Източник на класификационната схема Код за повреда Коз за рестрикции Код за отдаване Артикулен № Име на библиотеката - собственик Име на библиотеката, в която се намира в момента Статус (Текущо местоположение) Дата на вписване в системата Местоположение - отдел Цена в лева Систематично азбучна сигнатура Баркод Цена в евро Служебен тип на артикула
  Не е изгубен Universal Decimal Classification Не е повреден само за читалня ползва се в читалня 802632 Регионална библиотека "Любен Каравелов" Русе Регионална библиотека "Любен Каравелов" Русе Хранилище 2020-10-05 Хранилище 20.00 Цб 303987 120000848811 10.23 Книги
  Не е изгубен Universal Decimal Classification Не е повреден без рестрикции заемане за дома 830332 Регионална библиотека "Любен Каравелов" Русе Регионална библиотека "Любен Каравелов" Русе Заемна - подръчен фонд 2021-05-17 Заемна - подръчен фонд 16.25 796.3/М 29 Д 120000855169 8.31 Книги
Vip Innovations Ltd, Rousse, Bulgaria 2025